000 00746nam a2200181 a 4500
008 120416s1944 ||||||||||||||||| || u
050 _aE 185.6 Myr
100 _aMyrdal, Gunnar
245 1 3 _aAn American dilemma
246 _athe Negro problem and modern democracy
250 _a6th ed.
260 _aNew York
_bHarper
_c1944
300 _a2 vols
350 _a0.00
700 _aRose, Arnold
995 _aMAIN LIBRARY OPEN ACCESS
_D0.00
_e709880
_FCBU-MAIN LIBRARY (Kitwe)
_H1
_I8.00
_jE 185.6 Myr
_M1
_UAVAILABLE
_WOct 11, 2006
_y001185
_ZMain Library Open Access Collection
995 _aMAIN LIBRARY OPEN ACCESS
_D0.00
_e709881
_FCBU-MAIN LIBRARY (Kitwe)
_H2
_I8.00
_jE 185.6 Myr
_M1
_UAVAILABLE
_WOct 11, 2006
_y001186
_ZMain Library Open Access Collection
999 _c83900
_d83900